000 00794nam a2200241 i 4500
001 7608
003 ES-MaACL
005 20250829130004.0
007 t|
008 910306s1985 sp ||||1| spa d
020 _a84-207-2629-X
080 _a37.01(038)
245 0 0 _aInvestigacion educativa /
_ccoordinador, Arturo de la Orden Hoz.
260 _aMadrid :
_bAnaya,
_cD.L. 1985.
300 _aXXXVI, 267 p. ;
_c25 cm.
490 1 _aDiccionario de Ciencias de la Educacion
650 1 4 _aPedagogía-
_xMetodología-
_vDiccionarios
_915906
650 1 4 _aPedagogía-
_vDiccionarios
_915905
700 1 _aOrden Hoz, Arturo de la.
_987178
830 0 0 _aDiccionario de ciencias de la educación
_9177906
852 _aES-MaACL
_jL-14901
_bR.118067
_z. - cart.
999 _c7608
_d7608